000 00376nam a2200157Ia 4500
001 9497
003 GE_BSU
008 181216s||||||||xx |||||||||||||| ||und||
020 _a9770013061220
040 _cGE_BSU
245 4 _aThe Economist, march 29th-april 4th 2014. volume 410 number 8880
260 _c2014
300 _a86p.27cm.
653 _aThe Economist
942 _cCR
999 _c42791
_d42791